The new alchemists : Silicon Valley and the microeconomics revolution

Enregistré dans:
Détails bibliographiques
Auteur principal: Hanson, Dirk
Format: Livre
Langue:Undetermined
Publié: Boston Little Brown and Company 1982
Sujets:
Tags: Ajouter un tag
Pas de tags, Soyez le premier à ajouter un tag!
Thư viện lưu trữ: Trung tâm Học liệu Trường Đại học Cần Thơ
LEADER 00544nam a2200193Ia 4500
001 CTU_82663
008 210402s9999 xx 000 0 und d
082 |a 338.4 
082 |b H251 
100 |a Hanson, Dirk 
245 4 |a The new alchemists : 
245 0 |b Silicon Valley and the microeconomics revolution 
245 0 |c Dirk Hanson 
260 |a Boston 
260 |b Little Brown and Company 
260 |c 1982 
650 |a Microelectronics industry 
904 |i QHieu(sửa) 
980 |a Trung tâm Học liệu Trường Đại học Cần Thơ